| 000 | 00355 a2200157 4500 | ||
|---|---|---|---|
| 001 | 165272 | ||
| 020 | _a | ||
| 040 | _cMagnum | ||
| 100 | _aLehman, Yvette Piha | ||
| 240 | 1 | 0 |
_aNao sei que profissao escolher _lpor |
| 245 | 1 | 0 | _aNao sei que profissao escolher |
| 362 | 0 | _a1899 | |
| 440 | 1 | _aModerna | |
| 697 | _aJ/SOCIEDADE, COTIDIANO | ||
| 942 | _cBK | ||
| 999 |
_c165272 _d165272 |
||